Culture Générale - Série 1891 - Statistiques

Statistiques générales
  • Ce quiz a été pris 82 fois
  • Le résultat moyen est 4 sur 10
Statistiques - réponses
Question Réponse % Correct
Quel anglicisme désigne la sélection des acteurs et des figurants (d'un film, d'un spectacle) ? casting
84%
Elle peut être de métro ou de papier rame
70%
Quel nom d'oiseau désigne une fausse note musicale ? canard
45%
Comment a-t-on appelé la révolte paysanne de 1358 ? jacquerie
43%
Comment appelle-t-on l' ensemble musical de type orchestre, inspiré du pipe band écossais, interprétant des airs le plus souvent issus du répertoire traditionnel breton ? voir photo bagad
38%
Dans l'antiquité romaine, comment appelait-on la prêtresse chargée d'entretenir le feu sacré dans le temple de la déesse du foyer ? vestale
26%
Dans quel département français se trouve la commune de Sassenage ? Isère
21%
Quel fleuve arrose la ville espagnole de Saragosse ? Ebre
17%
Comment appelle-t-on la juxtaposition de deux voyelles - (ex. aérer) ou (ex. il a été) ? hiatus
12%
Dans la marine moderne, comment appelle-t-on un maître d'équipage ou un maître de manœuvre ? bosco
6%
Aucun quiz correspondant
Distribution des résultats
% des personnes avec chaque résultat
Percentile par nombre de réponses
Votre historique - résultats
Vous n’avez pas pris ce quiz